[Event "4NCL 2009-10"]
[Site "Sunningdale ENG"]
[Date "2010.01.17"]
[Round "4"]
[White "Ansell,S"]
[Black "Walton,A"]
[Result "1-0"]
[WhiteElo "2380"]
[BlackElo "2147"]
[EventDate "2009.10.24"]

1. e4 e6 2. d3 d5 3. Nd2 Nf6 4. Ngf3 Be7 5. g3 b5 6. Bg2 c5 7. O-O Bb7 8.
exd5 exd5 9. d4 c4 10. Ne5 O-O 11. a4 a6 12. c3 Qb6 13. b3 Nc6 14. Rb1 Qc7
15. bxc4 bxc4 16. Ndxc4 Ra7 17. Nxc6 Bxc6 18. Ne5 Ba8 19. Bd2 Ne4 20. Qc2
Bf6 21. Nf3 Bc6 22. Rfc1 Qd7 23. Ra1 Re8 24. Bf4 g5 25. Be3 Rc7 26. Ne5
Bxe5 27. dxe5 Rxe5 28. Bd4 Re8 29. Re1 Rec8 30. Qd1 g4 31. f3 gxf3 32. Qxf3
Qd6 33. Qh5 Qg6 34. Qe5 f6 35. Qf4 Rf7 36. Qf1 Bb7 37. Re3 Nd2 38. Qd1 Ne4
39. Rb1 f5 40. Rf3 Rc6 41. Rb2 Qh5 42. Qc1 Rh6 43. h4 f4 44. Rxf4 Re7 45.
Qf1 Qe8 46. Bxe4 1-0

[Event "4NCL 2009-10"]
[Site "Sunningdale ENG"]
[Date "2010.01.17"]
[Round "4"]
[White "Birtwistle,N"]
[Black "Baker,CW"]
[Result "0-1"]
[WhiteElo "2179"]
[BlackElo "2357"]
[EventDate "2009.10.24"]

1. e4 c5 2. c3 d6 3. d4 Nf6 4. Bd3 g6 5. dxc5 dxc5 6. e5 Nd5 7. Qe2 Nc6 8.
f4 Bh6 9. g3 O-O 10. Nf3 Bg4 11. O-O Qd7 12. Bc2 Rad8 13. Qf2 b6 14. Na3
Na5 15. Nd2 f6 16. Nac4 Nc6 17. exf6 exf6 18. a4 Rfe8 19. Nf3 Kh8 20. a5
Nce7 21. axb6 axb6 22. Bb3 Nf5 23. Nfe5 fxe5 24. Nxe5 Rxe5 25. fxe5 Bg7 26.
Re1 Rf8 27. Qg2 Nfe7 28. Bd1 Bh3 29. Qe2 Qf5 30. Bc2 Qxe5 31. Qxe5 Bxe5 32.
Bh6 Bg7 33. Bg5 Nf5 34. Be4 Nxc3 35. Ra8 Nxe4 36. Rxf8+ Bxf8 37. Rxe4 Nd4
38. Bf6+ Kg8 39. Kf2 Nc6 40. Bc3 Bf5 41. Re8 Kf7 42. Re1 b5 43. Kg2 Bh6 44.
h3 b4 45. Be5 Nxe5 46. Rxe5 c4 0-1

[Event "4NCL 2009-10"]
[Site "Sunningdale ENG"]
[Date "2010.01.17"]
[Round "4"]
[White "Ledger,D"]
[Black "Cumbers,P"]
[Result "1-0"]
[WhiteElo "2245"]
[BlackElo "2218"]
[EventDate "2009.10.24"]

1. e4 e6 2. d4 d5 3. Nc3 Nf6 4. Bg5 Bb4 5. e5 h6 6. Be3 Ne4 7. Qg4 g6 8. a3
Bxc3+ 9. bxc3 c5 10. Bd3 h5 11. Qf4 g5 12. Qf3 Nxc3 13. dxc5 d4 14. Bd2 Nc6
15. Bxc3 dxc3 16. Qe3 Qd5 17. Nf3 g4 18. Be4 Qc4 19. Bxc6+ bxc6 20. Ng5 Ba6
21. Ne4 O-O-O 22. Nd6+ Rxd6 23. cxd6 h4 24. O-O-O Qb5 25. d7+ Kc7 26. Qxc3
Rd8 27. Qd4 Kb7 28. Qb4 c5 29. Qxb5+ Bxb5 30. h3 g3 31. fxg3 hxg3 32. h4
Kc7 33. Rh3 Bxd7 34. Rxg3 Rh8 35. Rg7 Be8 36. Rh1 Kd7 37. h5 Ke7 38. h6 Kf8
39. Rg3 Bc6 40. Rc3 Bxg2 41. Rxc5 Bxh1 42. Rc8+ Ke7 43. Rxh8 Be4 44. h7 1-0

[Event "4NCL 2009-10"]
[Site "Sunningdale ENG"]
[Date "2010.01.17"]
[Round "4"]
[White "Harley,A"]
[Black "Cobb,J"]
[Result "1/2-1/2"]
[WhiteElo "2204"]
[BlackElo "2415"]
[EventDate "2009.10.24"]

1. e4 e5 2. Nf3 Nc6 3. Bb5 a6 4. Ba4 Nf6 5. O-O Be7 6. d3 d6 7. c3 O-O 8.
Nbd2 b5 9. Bc2 Re8 10. Re1 Bf8 11. Nf1 h6 12. Ng3 g6 13. d4 Bg7 14. a4 Bb7
15. h4 h5 16. Bg5 Qc8 17. Qd2 Ng4 18. d5 Ne7 19. Qd3 c6 20. dxc6 Qxc6 21.
axb5 axb5 22. Rxa8 1/2-1/2

[Event "4NCL 2009-10"]
[Site "Sunningdale ENG"]
[Date "2010.01.17"]
[Round "4"]
[White "Cooper,J"]
[Black "Posazhennikov,A"]
[Result "1-0"]
[WhiteElo "2346"]
[BlackElo "2252"]
[EventDate "2009.10.24"]

1. c4 f5 2. g3 Nf6 3. Bg2 c6 4. d4 d6 5. Nc3 e5 6. dxe5 dxe5 7. Qxd8+ Kxd8
8. Nf3 Bd6 9. e4 Be6 10. b3 g6 11. Bb2 Nbd7 12. O-O Ke7 13. Rfe1 Rhe8 14.
Rad1 Nh5 15. Ng5 h6 16. Nxe6 Kxe6 17. exf5+ gxf5 18. Bh3 Ng7 19. Ne4 Bc7
20. c5 b6 21. Nd6 Rf8 22. Bg2 bxc5 23. Nc4 Rad8 24. Bxc6 f4 25. Rxd7 Rxd7
26. Bxe5 Rd1 27. Rxd1 Bxe5 28. Re1 Rf5 29. gxf4 Rxf4 30. Rxe5+ Kf6 31. Rxc5
Ne6 32. Ra5 Nd4 33. Bg2 Rg4 34. Ne3 Rg7 35. f4 Re7 36. Nd5+ 1-0

[Event "4NCL 2009-10"]
[Site "Sunningdale ENG"]
[Date "2010.01.17"]
[Round "4"]
[White "Swanson,S"]
[Black "Rees,I"]
[Result "1/2-1/2"]
[WhiteElo "2263"]
[BlackElo "2336"]
[EventDate "2009.10.24"]

1. e4 c5 2. Nf3 Nc6 3. Bb5 e6 4. O-O Nge7 5. b3 a6 6. Bxc6 Nxc6 7. Bb2 f6
8. d4 cxd4 9. Nxd4 Nxd4 10. Qxd4 Qc7 11. c4 Bd6 12. h3 b6 13. Qd3 Bb7 14.
Nc3 Rd8 15. Rfe1 O-O 16. Na4 Bh2+ 17. Kh1 d5 18. exd5 exd5 19. Ba3 Bd6 20.
Bxd6 Rxd6 21. Rac1 dxc4 22. Qxc4+ Qxc4 23. Rxc4 Bc6 24. Nxb6 Bxg2+ 25. Kxg2
Rxb6 26. Re7 f5 27. Rec7 Rff6 28. Kf3 1/2-1/2

[Event "4NCL 2009-10"]
[Site "Sunningdale ENG"]
[Date "2010.01.17"]
[Round "4"]
[White "Zeidler,S"]
[Black "Dunn,An1"]
[Result "1-0"]
[WhiteElo "2221"]
[BlackElo "2220"]
[EventDate "2009.10.24"]

1. e4 c6 2. d4 d5 3. f3 e6 4. Nc3 Bb4 5. Bf4 Ne7 6. Nge2 b6 7. a3 Bxc3+ 8.
Nxc3 Ba6 9. Bxa6 Nxa6 10. Qe2 Nc7 11. Qf2 Ng6 12. Be3 Qe7 13. O-O O-O 14.
Rae1 Qd7 15. h4 f5 16. h5 Ne7 17. Qh4 Rf7 18. g4 fxe4 19. fxe4 Raf8 20.
Rxf7 Rxf7 21. Rf1 Rxf1+ 22. Kxf1 Ne8 23. Qg3 Nd6 24. exd5 exd5 25. h6 Ng6
26. hxg7 Kxg7 27. b3 Qe7 28. Qf3 Qf7 29. Ke2 Qxf3+ 30. Kxf3 Kf6 31. a4 b5
32. axb5 Nxb5 33. Na4 Na3 34. c3 Nb5 35. Ke2 Nf8 36. Kd3 Ne6 37. c4 Nbc7
38. Kc3 Ke7 39. Kb4 Kd7 40. Ka5 Kc8 41. Kb4 Na6+ 42. Kc3 Kd7 43. Nb2 Kd6
44. Nd3 c5 45. dxc5+ Naxc5 46. Nxc5 Nxc5 47. Bxc5+ Kxc5 48. b4+ Kc6 49. c5
h6 50. Kd4 1-0

[Event "4NCL 2009-10"]
[Site "Sunningdale ENG"]
[Date "2010.01.17"]
[Round "4"]
[White "O'Neill,P"]
[Black "Borman,P"]
[Result "0-1"]
[WhiteElo "2163"]
[BlackElo "2218"]
[EventDate "2009.10.24"]

1. d4 Nf6 2. c4 c5 3. d5 b5 4. cxb5 a6 5. b6 e6 6. Nc3 Nxd5 7. Nxd5 exd5 8.
Qxd5 Nc6 9. Nf3 Rb8 10. e4 Be7 11. Bc4 O-O 12. Qh5 Rxb6 13. O-O d6 14. b3
Be6 15. Bxe6 fxe6 16. Bb2 Bf6 17. Bxf6 Rxf6 18. Rad1 Qf8 19. Rfe1 Rh6 20.
Qg5 Rg6 21. Qe3 Rb7 22. Kf1 Rf7 23. Rd2 h6 24. Red1 e5 25. Nh4 Rgf6 26. Nf5
Nd4 27. Nxd4 cxd4 28. Qe1 Rc7 29. Rc1 Qc8 30. Rxc7 Qxc7 31. Qe2 Qb7 32. Rc2
Rf7 33. f3 Rc7 34. Rxc7 Qxc7 35. Qd2 Kf7 36. Ke2 Ke6 37. Kd3 Qc5 38. Qc2
Qb5+ 39. Qc4+ Qxc4+ 40. Kxc4 a5 41. f4 exf4 42. Kxd4 g5 43. a3 g4 44. b4
axb4 45. axb4 Kd7 0-1

[Event "4NCL 2009-10"]
[Site "Sunningdale ENG"]
[Date "2010.01.17"]
[Round "4"]
[White "Byway,P"]
[Black "James,Dav"]
[Result "0-1"]
[WhiteElo "2158"]
[BlackElo "2110"]
[EventDate "2009.10.24"]

1. Nf3 Nf6 2. c4 e6 3. g3 d5 4. Bg2 c6 5. b3 Be7 6. O-O O-O 7. Bb2 b5 8.
cxb5 cxb5 9. Nc3 b4 10. Na4 Nbd7 11. Rc1 Bb7 12. Bd4 Qa5 13. Rc2 Rfc8 14.
Qb1 Rxc2 15. Qxc2 Rc8 16. Qb1 Bd6 17. d3 e5 18. Be3 d4 19. Bd2 Nd5 20. Ng5
Rc7 21. Bxd5 Qxd5 22. f3 f5 23. Nb2 Nf6 24. Nc4 Be7 25. Nxe5 Qxe5 26. Bf4
Qa5 27. Bxc7 Qxc7 28. Qc1 Qe5 29. f4 Qxe2 30. Rf2 Qe3 31. Qxe3 dxe3 32. Rc2
Nd5 33. Rc4 Bf6 34. Ne6 Bc3 35. Kf1 Ba6 36. Ke2 Bd2 37. Kf3 Bxc4 38. bxc4
Nc3 39. Nd4 Kf7 40. c5 g6 41. Ne2 Nxe2 42. Kxe2 Ke6 43. d4 Kd5 44. Kd3 a5
45. Kc2 a4 0-1

[Event "4NCL 2009-10"]
[Site "Sunningdale ENG"]
[Date "2010.02.20"]
[Round "5"]
[White "Piper,M"]
[Black "Speelman,J"]
[Result "1/2-1/2"]
[WhiteElo "2304"]
[BlackElo "2525"]
[EventDate "2009.10.24"]

1. e4 c6 2. Nc3 d5 3. Nf3 Bg4 4. h3 Bxf3 5. Qxf3 e6 6. Be2 Nf6 7. O-O Nbd7
8. d4 dxe4 9. Nxe4 Nxe4 10. Qxe4 Nf6 11. Qd3 Bd6 12. Bg5 h6 13. Bh4 g5 14.
Bg3 Qc7 15. Qf3 Ke7 16. c4 Rad8 17. Rad1 a6 18. Qe3 Bf4 19. Bxf4 Qxf4 20.
Qb3 Rd7 21. d5 cxd5 22. cxd5 Nxd5 23. Bf3 Rhd8 24. Bxd5 exd5 25. Qb6 f6 26.
Rd3 Kf7 27. Rd4 Qe5 28. Rfd1 Qe6 29. Qb4 b5 30. Re1 Qd6 31. Qd2 Re7 32.
Rxe7+ Qxe7 33. Rxd5 Rxd5 34. Qxd5+ Qe6 35. Qb7+ Kg6 36. b3 h5 37. Qf3 Qe1+
38. Kh2 Qe5+ 39. g3 h4 40. Kg2 hxg3 41. fxg3 Qb2+ 42. Qf2 1/2-1/2

[Event "4NCL 2009-10"]
[Site "Sunningdale ENG"]
[Date "2010.02.20"]
[Round "5"]
[White "Lewis,An"]
[Black "Tissir,M"]
[Result "1/2-1/2"]
[WhiteElo "2273"]
[BlackElo "2466"]
[EventDate "2009.10.24"]

1. Nf3 Nf6 2. c4 e6 3. Nc3 d5 4. d4 c6 5. Bg5 dxc4 6. e4 b5 7. e5 h6 8. Bh4
g5 9. exf6 gxh4 10. Ne5 Qxf6 11. g3 Nd7 12. Qe2 Nxe5 13. dxe5 Qe7 14. Bg2
Bb7 15. O-O-O Bg7 16. f4 O-O 17. Ne4 Rad8 18. Nd6 Ba8 19. Rhg1 f6 20. Kb1
fxe5 21. fxe5 h3 22. Bxh3 c5 23. Qg4 Bf3 24. Qxe6+ Qxe6 25. Bxe6+ Kh7 26.
Rde1 Bxe5 27. Rxe5 Rxd6 28. g4 Kg7 29. Bf5 Bd5 30. Bc2 Rf2 31. Rd1 Bf3 32.
Rxd6 Rf1+ 33. Bd1 Bxd1 34. Rd7+ Kg6 35. Rd6+ Kg7 36. Rd7+ Kg6 37. Rd6+
1/2-1/2

[Event "4NCL 2009-10"]
[Site "Sunningdale ENG"]
[Date "2010.02.20"]
[Round "5"]
[White "Hanley,C"]
[Black "Poobalasingam,P"]
[Result "0-1"]
[WhiteElo "2429"]
[BlackElo "2312"]
[EventDate "2009.10.24"]

1. d4 Nf6 2. c4 g6 3. Nc3 d5 4. Nf3 Bg7 5. Qb3 dxc4 6. Qxc4 O-O 7. e4 a6 8.
e5 b5 9. Qb3 Nfd7 10. Ng5 Nb6 11. Be3 Nc6 12. Rd1 Na5 13. Qb4 Nac4 14. Bc1
Bf5 15. Bxc4 Nxc4 16. O-O Bc2 17. e6 Bxd1 18. exf7+ Kh8 19. Rxd1 Qd7 20.
Nce4 h6 21. Rd3 Ne5 22. Rh3 Rad8 23. Be3 Nxf7 24. Nxf7+ Rxf7 25. Bxh6 Bxh6
26. Qc3 Rh7 0-1

[Event "4NCL 2009-10"]
[Site "Sunningdale ENG"]
[Date "2010.02.20"]
[Round "5"]
[White "Dorrington,C"]
[Black "Greet,A"]
[Result "0-1"]
[WhiteElo "2262"]
[BlackElo "2431"]
[EventDate "2009.10.24"]

1. e4 e5 2. Nf3 Nc6 3. Bb5 a6 4. Ba4 Nf6 5. O-O Be7 6. Re1 b5 7. Bb3 d6 8.
c3 O-O 9. h3 Na5 10. Bc2 c5 11. d4 Qc7 12. Nbd2 Bd7 13. d5 c4 14. Nf1 Nb7
15. Bd2 Nc5 16. b4 cxb3 17. axb3 a5 18. Qe2 Rfc8 19. Ng3 g6 20. Nh2 a4 21.
bxa4 bxa4 22. Qf3 Nb3 23. Bxb3 axb3 24. Rab1 Rcb8 25. Bh6 Ra2 26. Nf5 Bxf5
27. exf5 Rc2 28. Rec1 Rxc1+ 29. Bxc1 e4 30. Qd1 Qxc3 31. Ng4 Nxg4 32. Bb2
Nxf2 33. Kxf2 Qc2+ 34. Kg3 Qxd1 35. Rxd1 Bg5 36. Kg4 Bh6 37. f6 Ra8 38. g3
Ra2 39. Rb1 Be3 40. Bc3 h5+ 41. Kh4 Kh7 42. g4 g5+ 0-1

[Event "4NCL 2009-10"]
[Site "Sunningdale ENG"]
[Date "2010.02.20"]
[Round "5"]
[White "Martin,Andrew"]
[Black "Twyble,M"]
[Result "1/2-1/2"]
[WhiteElo "2423"]
[BlackElo "2264"]
[EventDate "2009.10.24"]

1. d4 d5 2. c4 dxc4 3. Nf3 Nf6 4. e3 e6 5. Bxc4 c5 6. O-O a6 7. Bb3 b5 8.
Qe2 Bb7 9. Rd1 Nbd7 10. Nc3 Be7 11. d5 exd5 12. Nxd5 Nxd5 13. Bxd5 Bxd5 14.
Rxd5 Qc7 15. e4 O-O 1/2-1/2

[Event "4NCL 2009-10"]
[Site "Sunningdale ENG"]
[Date "2010.02.20"]
[Round "5"]
[White "Morrison,G SCO"]
[Black "Tiller,B"]
[Result "0-1"]
[WhiteElo "2353"]
[BlackElo "2378"]
[EventDate "2009.10.24"]

1. d4 g6 2. Nf3 Bg7 3. c3 d6 4. Bg5 f5 5. Qb3 h6 6. Bc1 Nf6 7. Nbd2 e6 8.
e3 g5 9. Bd3 d5 10. Ne5 O-O 11. Qd1 c5 12. b3 Nc6 13. Nxc6 bxc6 14. Ba3 Nd7
15. h4 g4 16. f4 Rf7 17. Qe2 a5 18. Qd1 Qb6 19. Rb1 cxd4 20. cxd4 c5 21.
dxc5 Nxc5 22. Qe2 Nxd3+ 23. Qxd3 Ba6 0-1

[Event "4NCL 2009-10"]
[Site "Sunningdale ENG"]
[Date "2010.02.20"]
[Round "5"]
[White "Pinter,G"]
[Black "Singleton,M"]
[Result "1/2-1/2"]
[WhiteElo "2349"]
[BlackElo "2159"]
[EventDate "2009.10.24"]

1. e4 c5 2. Nf3 d6 3. d4 cxd4 4. Nxd4 Nf6 5. Nc3 g6 6. Be3 Bg7 7. f3 O-O 8.
Qd2 Nc6 9. O-O-O Be6 10. Nxe6 fxe6 11. g3 Qa5 12. Bh3 Kf7 13. Qe2 Rfc8 14.
Qb5 Qxb5 15. Nxb5 Nd7 16. f4 Nb4 17. c3 a6 18. Nd4 Bxd4 19. Bxd4 Nc6 20.
Bf2 Rc7 21. Rhe1 b5 22. e5 dxe5 23. fxe5 b4 24. c4 a5 25. Rf1 Ke8 26. Bxe6
Ncxe5 27. Kb1 a4 28. Bd5 Rac8 29. b3 Nc5 30. Bxc5 Rxc5 31. Rde1 Nc6 32.
bxa4 Na5 33. Bf7+ Kd8 34. Rd1+ Kc7 35. Be6 Rd8 36. Rxd8 Kxd8 37. Rd1+ Ke8
38. Rd4 Re5 39. Rd5 Re1+ 40. Kc2 Nxc4 41. Bd7+ Kf7 42. Kb3 Nb6 43. Rd2 Rb1+
44. Kc2 Rf1 45. Bb5 Rf3 46. a5 Rf5 47. axb6 Rxb5 48. Kb3 Rxb6 49. Rd4 e5
50. Rxb4 Re6 51. a4 Kf6 52. a5 Kf5 53. Ra4 Ra6 54. g4+ Kg5 55. Kc4 e4 56.
Kb5 Re6 57. a6 e3 58. a7 Re5+ 59. Kc6 Re8 60. a8=Q Rxa8 61. Rxa8 Kxg4 62.
Kd5 e2 63. Re8 Kf3 64. Kd4 Kf2 65. Rf8+ Kg2 66. Re8 1/2-1/2

[Event "4NCL 2009-10"]
[Site "Sunningdale ENG"]
[Date "2010.02.20"]
[Round "5"]
[White "Stimpson,P"]
[Black "Mah,K"]
[Result "1/2-1/2"]
[WhiteElo "2085"]
[BlackElo "2417"]
[EventDate "2009.10.24"]

1. e4 c5 2. Nc3 a6 3. Nf3 e6 4. g3 b5 5. Bg2 Bb7 6. d3 d6 7. O-O Nf6 8. e5
dxe5 9. Nxe5 Bxg2 10. Kxg2 Nbd7 11. Bf4 Nxe5 12. Bxe5 Be7 13. Qf3 O-O 14.
Rad1 Qb6 15. d4 Rad8 16. dxc5 Qxc5 17. Bxf6 Bxf6 18. Ne4 Qxc2 19. Nxf6+
gxf6 20. Qxf6 Rxd1 21. Qg5+ Kh8 22. Qf6+ Kg8 23. Qg5+ Kh8 1/2-1/2

[Event "4NCL 2009-10"]
[Site "Sunningdale ENG"]
[Date "2010.02.20"]
[Round "5"]
[White "Moskovic,D"]
[Black "Allinson,J"]
[Result "1-0"]
[WhiteElo "2307"]
[BlackElo "2135"]
[EventDate "2009.10.24"]

1. e4 c6 2. d4 d5 3. e5 Qb6 4. Be2 Bf5 5. Nf3 e6 6. O-O Nd7 7. Nbd2 Ne7 8.
c4 Ng6 9. Nb3 Be7 10. Bd2 dxc4 11. Bxc4 a5 12. Bc3 O-O 13. a3 Rfd8 14. Qe1
Qa7 15. Bxa5 Nb6 16. Bxb6 Qxb6 17. Qe3 Nf8 18. Rac1 Nd7 19. h3 Qa7 20. Bd3
Bxd3 21. Qxd3 Nb6 22. Nfd2 Na4 23. Qc2 c5 24. Nxc5 Rxd4 25. Nf3 Rd5 26.
Nxa4 Qxa4 27. Qxa4 Rxa4 28. Rc7 Bf8 29. Rxb7 f6 30. Rc1 Ra8 31. Re1 fxe5
32. Rxe5 Rd1+ 33. Re1 Rxe1+ 34. Nxe1 Bc5 35. Nd3 Bd4 36. Kf1 Rc8 37. Rb4
Bf6 38. Ke2 Rc2+ 39. Kd1 Rc6 40. Kd2 Kf7 1-0

[Event "4NCL 2009-10"]
[Site "Sunningdale ENG"]
[Date "2010.02.20"]
[Round "5"]
[White "Punnett,A"]
[Black "Bisby,D"]
[Result "0-1"]
[WhiteElo "2094"]
[BlackElo "2297"]
[EventDate "2009.10.24"]

1. e4 c5 2. Nc3 a6 3. a4 e6 4. g3 Nc6 5. Bg2 g6 6. d3 Bg7 7. Be3 d6 8. f4
Nge7 9. Nf3 O-O 10. O-O Rb8 11. Rb1 Nd4 12. Ne2 Nxe2+ 13. Qxe2 Bd7 14. e5
Bxa4 15. exd6 Qxd6 16. f5 Nxf5 17. Bf4 e5 18. Bxe5 Bxe5 19. Qxe5 Qxe5 20.
Nxe5 Ne3 21. Rf4 Bxc2 22. Rc1 c4 23. dxc4 Nxg2 24. Kxg2 Bf5 25. Rxf5 gxf5
26. Nd7 Rbd8 27. Nxf8 Rd2+ 28. Kf3 Kxf8 29. c5 Rxb2 30. c6 bxc6 31. Rxc6 a5
32. Ra6 Rb5 33. Kf4 Kg7 34. h4 h5 35. Kg5 Rb3 36. Rxa5 Rxg3+ 37. Kxh5 f4
38. Rf5 f3 39. Rf4 f6 40. Ra4 f2 41. Rf4 Rg2 42. Rf3 Kf7 43. Kh6 Ke6 44.
Kh7 Ke5 45. h5 f5 46. h6 Ke4 47. Kh8 Kxf3 48. h7 Rh2 0-1

[Event "4NCL 2009-10"]
[Site "Sunningdale ENG"]
[Date "2010.02.20"]
[Round "5"]
[White "Eckersley Waites,A"]
[Black "Eckloff,C"]
[Result "1-0"]
[WhiteElo "2197"]
[BlackElo "2100"]
[EventDate "2009.10.24"]

1. e4 d5 2. exd5 Nf6 3. Nf3 Bg4 4. h3 Bh5 5. d4 Qxd5 6. Nc3 Qa5 7. Bc4 e6
8. Bd2 c6 9. Nd5 Qd8 10. Nxf6+ Qxf6 11. g4 Bg6 12. Ne5 Qd8 13. Qe2 Qxd4 14.
Nxg6 Qxb2 15. O-O hxg6 16. Bxe6 Bd6 17. Bc8+ Kd8 18. Rab1 Qf6 19. Bxb7 Nd7
20. Ba5+ Nb6 21. Rfd1 Kc7 22. Bxa8 Rxh3 23. Qe4 Bc5 24. Rd2 Rf3 25. Rbd1
Bxf2+ 26. Rxf2 Rxf2 27. Qe8 1-0

[Event "4NCL 2009-10"]
[Site "Sunningdale ENG"]
[Date "2010.02.20"]
[Round "5"]
[White "Roset,C"]
[Black "Pickard,C"]
[Result "1-0"]
[WhiteElo "2056"]
[BlackElo "2191"]
[EventDate "2009.10.24"]

1. e4 c5 2. g3 Nc6 3. Bg2 g6 4. Nf3 Bg7 5. O-O e5 6. d3 Nge7 7. Nc3 O-O 8.
Nd2 Bh6 9. Nc4 Bxc1 10. Qxc1 d6 11. f4 f6 12. Kh1 Kg7 13. Nb5 exf4 14. Qxf4
d5 15. exd5 Nxd5 16. Qd6 Qxd6 17. Nbxd6 Nde7 18. Rae1 Rb8 19. Bxc6 Nxc6 20.
Ne8+ Kh6 21. Rxf6 Rxf6 22. Nxf6 b6 23. Ne5 Nxe5 24. Rxe5 Rb7 25. g4 g5 26.
h3 Kg6 27. Ne4 h6 28. Nd6 Rc7 29. Nxc8 Rxc8 30. Re6+ Kf7 31. Re4 Kf6 32.
Kg2 h5 33. gxh5 Rh8 34. h4 Rxh5 35. hxg5+ Rxg5+ 36. Kf2 Rh5 37. Ke1 Rh2 38.
Re2 Rh4 39. Kd2 Ra4 40. a3 b5 41. Re4 Ra6 42. Kc3 Rc6 43. Kb3 a6 44. a4 Kf5
45. Re8 bxa4+ 46. Kxa4 c4 47. dxc4 Rxc4+ 48. Kb3 Rc5 49. c4 Ra5 50. Kb4 Ra1
51. Kc5 a5 52. Kb5 a4 53. c5 Rb1 54. Kxa4 Rxb2 55. Ka5 Kf6 56. c6 Rc2 57.
Kb6 Rb2+ 58. Kc7 Kf7 59. Re1 Rb3 60. Kc8 Rb2 61. c7 Rb3 62. Re4 1-0

[Event "4NCL 2009-10"]
[Site "Sunningdale ENG"]
[Date "2010.02.20"]
[Round "5"]
[White "Quist,S"]
[Black "Bryant,R"]
[Result "1-0"]
[WhiteElo "2141"]
[BlackElo "1945"]
[EventDate "2009.10.24"]

1. c4 e6 2. g3 d5 3. Nf3 c6 4. b3 Nf6 5. Bb2 Bd6 6. Bg2 Nbd7 7. O-O e5 8.
d3 O-O 9. Nbd2 Re8 10. e4 Nc5 11. Qc2 dxe4 12. Nxe4 Nfxe4 13. dxe4 Bg4 14.
b4 Bxf3 15. Bxf3 Ne6 16. c5 Bf8 17. Rad1 Qc7 18. Bg4 b6 19. cxb6 axb6 20.
a3 c5 21. Bxe6 Rxe6 22. Rd5 Rae8 23. Rc1 Qb7 24. b5 Qc8 25. Qc4 Rh6 26. f3
Qh3 27. Rc2 Rhe6 28. Rcd2 Qh5 29. f4 Qh6 30. Bxe5 Kh8 31. Rd8 Qh5 32. Rxe8
Rxe8 33. Qd5 f6 34. Bc7 Qf3 35. Rd3 Qe2 36. Bxb6 Rxe4 37. Rd2 Qe1+ 38. Kg2
Re2+ 39. Rxe2 Qxe2+ 40. Kh3 Qf1+ 41. Kh4 Qxb5 42. Qf7 g5+ 43. fxg5 fxg5+
44. Kh3 Bg7 45. Qf5 h6 46. Bxc5 Qc4 47. Bb4 g4+ 48. Kh4 Qe2 49. Qxg4 Qxh2+
50. Qh3 Bf6+ 51. Kg4 Qe2+ 52. Kf5 Bg5 53. Qg4 Qc2+ 54. Ke5 Qb2+ 55. Kd5
Qb3+ 56. Kc6 Qa4+ 57. Kc5 Be3+ 58. Kc4 Qc6+ 59. Kb3 Qd5+ 60. Qc4 Qd1+ 61.
Ka2 Bd4 62. Qc8+ Kh7 63. Qd7+ Kh8 64. Qd8+ Kh7 65. Qc7+ Bg7 66. Qc4 Qa1+
67. Kb3 Qb2+ 68. Ka4 Qf2 69. g4 Qf3 70. Qc2+ Kh8 71. Qc8+ Kh7 72. Qf5+ Qxf5
73. gxf5 Bd4 74. Kb3 h5 75. Kc4 Ba7 76. Kd5 Kg7 77. Ke6 Bd4 78. Be7 1-0

[Event "4NCL 2009-10"]
[Site "Sunningdale ENG"]
[Date "2010.02.20"]
[Round "5"]
[White "Harakis,A"]
[Black "Flear,G"]
[Result "0-1"]
[WhiteElo "2263"]
[BlackElo "2497"]
[EventDate "2009.10.24"]

1. d4 d5 2. Nc3 Nf6 3. Bg5 Nbd7 4. Qd3 c6 5. e4 dxe4 6. Nxe4 Nxe4 7. Qxe4
Qa5+ 8. Bd2 Qb6 9. O-O-O Nf6 10. Qe5 Ng4 11. Qg3 g6 12. h3 Nf6 13. Qe5 Qd8
14. f4 Bg7 15. Nf3 O-O 16. Qe1 Bf5 17. Rg1 Qd5 18. c4 Qe4 19. Qxe4 Nxe4 20.
g4 Nxd2 21. Rxd2 Be6 22. d5 cxd5 23. cxd5 Rfc8+ 24. Kb1 Bd7 25. Ne5 Be8 26.
Bg2 Rc7 27. Re1 Rac8 28. a3 Ba4 29. Ka2 Rc2 30. Ree2 g5 31. Nd3 gxf4 32.
Rxc2 Rxc2 33. Rxc2 Bxc2 34. Nxf4 Be5 35. Ne2 b6 36. Nc3 Kg7 37. Be4 Bxe4
38. Nxe4 Kg6 39. Kb3 f5 40. Nf2 Bg3 41. gxf5+ Kxf5 42. Nd3 Ke4 43. Nb4 Bd6
44. Nc6 a6 45. a4 Kxd5 46. Nd8 Bc7 47. Nf7 Bf4 48. Kc3 Ke6 49. Nd8+ Kd7 0-1

[Event "4NCL 2009-10"]
[Site "Sunningdale ENG"]
[Date "2010.02.20"]
[Round "5"]
[White "Emms,J"]
[Black "Mack,A"]
[Result "1-0"]
[WhiteElo "2484"]
[BlackElo "2237"]
[EventDate "2009.10.24"]

1. e4 e5 2. Nf3 Nc6 3. Bb5 a6 4. Ba4 Nf6 5. O-O Be7 6. d3 b5 7. Bb3 O-O 8.
a4 Bb7 9. Re1 d6 10. Nc3 b4 11. Nd5 a5 12. c3 bxc3 13. bxc3 Nb8 14. Nxe7+
Qxe7 15. Nh4 Bc8 16. d4 Be6 17. Nf5 Qd7 18. Bc2 d5 19. Ng3 exd4 20. e5 Ne4
21. Nxe4 dxe4 22. Bxe4 Nc6 23. Qh5 h6 24. Bxh6 gxh6 25. Qxh6 f6 26. exf6
Ra6 27. Rad1 Bg4 28. Bd5+ 1-0

[Event "4NCL 2009-10"]
[Site "Sunningdale ENG"]
[Date "2010.02.20"]
[Round "5"]
[White "Ward,C"]
[Black "Rich,M"]
[Result "1-0"]
[WhiteElo "2431"]
[BlackElo "2151"]
[EventDate "2009.10.24"]

1. d4 d5 2. c4 e6 3. Nc3 f5 4. Nf3 Nf6 5. Bf4 c6 6. e3 Bd6 7. Ne5 O-O 8.
Qc2 Ne4 9. Nxe4 fxe4 10. O-O-O Bxe5 11. Bxe5 Nd7 12. Bd6 Rf7 13. f3 exf3
14. gxf3 Nf8 15. Bxf8 Qxf8 16. f4 Bd7 17. Bd3 h6 18. Qg2 Rf6 19. Kb1 Rc8
20. c5 Be8 21. Rhg1 Bh5 22. Rc1 Qf7 23. Ka1 Kh8 24. Bb1 Rg8 25. h4 g6 26.
Bd3 Rg7 27. Qc2 Kg8 28. Rg3 Kf8 29. Qa4 a6 30. Qa5 Qc7 31. Qxc7 Rxc7 32. b4
Rg7 33. Kb2 Ke7 34. Kc3 Rf8 35. Rcg1 Kf6 36. Kb3 Ke7 37. Ka4 Kd8 38. Ka5
Kc7 39. R3g2 Rf6 40. Be2 Bxe2 41. Rxe2 Rf8 42. Reg2 Rfg8 43. a3 h5 44. Rg5
Kd8 45. Kb6 Ke8 46. Re5 Re7 47. Rxh5 1-0

[Event "4NCL 2009-10"]
[Site "Sunningdale ENG"]
[Date "2010.02.20"]
[Round "5"]
[White "Rice,C"]
[Black "Kilpatrick,C"]
[Result "0-1"]
[WhiteElo "2103"]
[BlackElo "2260"]
[EventDate "2009.10.24"]

1. c4 Nf6 2. g3 g6 3. Bg2 Bg7 4. Nc3 O-O 5. d3 d6 6. Bg5 h6 7. Bd2 e5 8. e4
a6 9. Nge2 b5 10. O-O Nbd7 11. h3 Rb8 12. b3 Nc5 13. Be3 bxc4 14. dxc4 Nfd7
15. Qd2 Kh7 16. Rad1 Ne6 17. f4 exf4 18. gxf4 f5 19. exf5 gxf5 20. Ba7 Rb7
21. Nd4 Ndc5 22. Nxe6 Nxe6 23. Be3 Rb8 24. Ne2 Rg8 25. Kh1 Qh4 26. Qd3 Rf8
27. Ba7 Nc5 28. Bxc5 dxc5 29. Qe3 Rb6 30. Qxc5 Bb7 31. Rd3 Rd6 32. Bd5 Rfd8
33. Rfd1 c6 34. Be4 fxe4 35. Rxd6 Qxh3+ 36. Kg1 Rg8 37. Qf2 Bd4+ 0-1

[Event "4NCL 2009-10"]
[Site "Sunningdale ENG"]
[Date "2010.02.20"]
[Round "5"]
[White "Sahl,S"]
[Black "Wilson,A"]
[Result "1/2-1/2"]
[WhiteElo "2183"]
[BlackElo "2083"]
[EventDate "2009.10.24"]

1. e4 e6 2. d4 d5 3. Nc3 Bb4 4. Nge2 dxe4 5. a3 Be7 6. Nxe4 Nf6 7. Qd3 Nbd7
8. N2g3 b6 9. Be3 Bb7 10. O-O-O Nxe4 11. Nxe4 Nf6 12. f3 Qd7 13. Be2 O-O-O
14. c4 Kb8 15. Qc2 Qc6 16. Nc3 Ba6 17. Qb3 Rd7 18. Rd2 Rhd8 19. Rhd1 Qb7
20. Qc2 h6 21. b4 Qa8 22. Kb2 Bb7 23. Na2 a5 24. b5 g5 25. Nc3 c6 26. d5
cxd5 27. Bxb6 Rc8 28. Qa4 e5 29. Qxa5 d4 30. Na2 Qxa5 31. Bxa5 g4 32. Bb4
gxf3 33. gxf3 Nh5 34. Bxe7 Rxe7 35. Rc1 Nf4 36. Bd1 Rec7 37. Kb3 Bd5 38.
cxd5 Rxc1 39. Nxc1 Rxc1 40. d6 Rc3+ 41. Ka2 d3 42. Ba4 Rc5 43. b6 Kb7 44.
Bb3 Rc6 45. Bxf7 Rxd6 46. Bb3 Kxb6 47. a4 Kc5 48. Bd1 Kd4 49. Rb2 Nd5 50.
Ka3 Ke3 51. Rb5 Kd4 52. Bb3 Ne3 53. a5 d2 54. Kb4 d1=Q 55. Bxd1 Nxd1 56.
Rb6 Rd8 57. Rxh6 Ne3 58. Kb5 Kd5 59. a6 Nc4 60. a7 Ra8 61. Ka6 Rf8 62. Kb7
Rf7+ 63. Kb8 Rf8+ 64. Kb7 Rf7+ 1/2-1/2

[Event "4NCL 2009-10"]
[Site "Sunningdale ENG"]
[Date "2010.02.20"]
[Round "5"]
[White "Donovan,N"]
[Black "Auckland,E"]
[Result "1-0"]
[WhiteElo "2059"]
[BlackElo "2010"]
[EventDate "2009.10.24"]

1. e4 c5 2. Nf3 e6 3. d3 Nc6 4. g3 g6 5. Bg2 Bg7 6. O-O Nge7 7. c3 d5 8.
Nbd2 O-O 9. Re1 e5 10. exd5 Nxd5 11. Nc4 f6 12. Qb3 Kh8 13. Nfd2 Nde7 14.
Ne4 b6 15. Ncd6 f5 16. Nxc8 Qxc8 17. Nd6 Qd7 18. Nf7+ Rxf7 19. Qxf7 Rf8 20.
Qc4 Na5 21. Qh4 f4 22. gxf4 Nf5 23. Qh3 Qc7 24. Qf3 Nh4 25. Qe4 exf4 26.
Qe7 Qxe7 27. Rxe7 Nxg2 28. Kxg2 Nc6 29. Re4 f3+ 30. Kg1 Ne5 31. d4 cxd4 32.
Rxd4 b5 33. a4 Re8 34. Re4 Rd8 35. Bg5 Rd5 36. Bf4 bxa4 37. Rae1 Nd7 38.
Re8+ Nf8 39. Ra8 a5 40. h3 g5 41. Be5 Bxe5 42. Rxf8+ Kg7 43. Rxf3 Bf4 44.
Ra1 h5 45. Rxa4 Bc1 46. Ra2 g4 47. hxg4 Rg5 48. Rf5 Rxg4+ 49. Kf1 h4 50.
Raxa5 Kg6 51. Rfb5 Bg5 52. Rxg5+ 1-0